001940000a220007300045001000022000002450036000223000037000587730025000951 aMacDonald, Fergus10aChristian global growth growing aNúm 79 (1997), Páginas 18-190 tWorld Evangelization